Statistiken für Top 10 Länder in der Erzeugung erneuerbarer Elektrizität

Klicken Sie hier um das Quiz zu spielen!

Allgemein

  • Dieses Quiz wurde 105 mal gespielt
  • Das Durchschnittsergebnis liegt bei 8 aus 10

Antwortstatistiken

GWhLand% Korrekt
6,217,907China
97%
4,322,038Vereinigte Staaten
97%
649,119Deutschland
95%
556,184Frankreich
88%
667,438Kanada
88%
1,057,976Japan
80%
1,090,973Russland
76%
1,477,564Indien
73%
578,889Brasilien
71%
562,603Südkorea
41%

Verteilung der Resultate

Perzentil nach korrekt beantworteten Fragen

Anzahl Personen mit jedem Resultat

Ihre Resultats-Entwicklung

Sie haben dieses Quiz noch nicht gespielt